00676nam a2200241 a 450000100060000000300080000600500170001400800410003103500190007204000380009104100080012908200220013710000350015924500400019426000410023430000340027550000310030950400320034065000130037265000170038565000150040265000170041768183BD-RjUL20211209081735.0850529s1965 nyua b 001 0 eng d a(BD-RjUL)68393 aDLC/ICUcICUdDLCd(BD-RjUL)beng aeng00223a551bLAE 19651 aLane, Frank W.q(Frank Walter)14aThe Elements Rage /cFrank W. Lane. aPhiladelphia :bChilton Books,c1965 axix, 346 p. :bill. ;c25 cm. a"First [Chilton] edition." aBibliography: p. [285]-330. 0aWeather. 0aEarthquakes. 0aVolcanoes. 0aWaterspouts.